Statistics for Countries Similar to U.S. States by Population

Click here to take the quiz!

General Stats

  • This quiz has been taken 38,664 times
  • The average score is 36 of 50

Answers on the Map

Answers color-coded by a green-red scale on the quiz's map according to % correct below.
 

Answer Stats

Flag MapStateCountry% Correct
MNMinnesotaFinland
95%
SCSouth CarolinaNorway
95%
VAVirginiaSwitzerland
95%
MTMontanaCyprus
94%
WIWisconsinDenmark
93%
ALAlabamaIreland
92%
CACaliforniaIraq
91%
MSMississippiJamaica
91%
INIndianaLebanon
89%
OKOklahomaGeorgia
88%
UTUtahUruguay
88%
MEMaineEstonia
87%
KSKansasQatar
86%
NYNew YorkRomania
86%
NDNorth DakotaBhutan
84%
NMNew MexicoNorth Macedonia
83%
IDIdahoLatvia
81%
NCNorth CarolinaCzech Republic
79%
FLFloridaSri Lanka
79%
NVNevadaBosnia and Herzegovina
78%
COColoradoSingapore
78%
AZArizonaLaos
77%
VTVermontLuxembourg
77%
KYKentuckyPanama
77%
TNTennesseeBulgaria
75%
SDSouth DakotaFiji
73%
WVWest VirginiaBahrain
72%
GAGeorgiaDominican Republic
72%
IAIowaMongolia
72%
MIMichiganHonduras
69%
ARArkansasArmenia
68%
TXTexasYemen
68%
OROregonKuwait
67%
NHNew HampshireTrinidad and Tobago
66%
MOMissouriEl Salvador
65%
MAMassachusettsLibya
64%
LALouisianaMauritania
58%
NJNew JerseyPapua New Guinea
58%
MDMarylandTurkmenistan
58%
WYWyomingSuriname
56%
PAPennsylvaniaGuinea
55%
RIRhode IslandEswatini
52%
CTConnecticutEritrea
51%
ILIllinoisRwanda
51%
WAWashingtonSierra Leone
51%
OHOhioBolivia
47%
DEDelawareDjibouti
47%
NENebraskaGuinea-Bissau
47%
AKAlaskaSolomon Islands
43%
HIHawaiiEquatorial Guinea
31%

Score Distribution

Percentile by Number Answered

Percent of People with Each Score

Your Score History

You have not taken this quiz